[Event "Dubrovnik CC"]
[Site "Dubrovnik"]
[Date "2024.03.16"]
[Round "1"]
[White "Carevic, Maro"]
[Black "Turdyev, Anvar"]
[Result "0-1"]
[WhiteElo "1758"]
[BlackElo "2387"]
[PlyCount "90"]
[EventDate "2024.03.16"]
[EventType "tourn"]
[EventRounds "7"]
[EventCountry "CRO"]
[SourceTitle "CB13_2024"]
[SourceDate "2024.03.27"]
[SourceVersion "1"]
[SourceVersionDate "2024.03.27"]
[SourceQuality "1"]

1. e4 c6 2. c4 d5 3. cxd5 cxd5 4. exd5 Nf6 5. Nc3 Nxd5 6. Bc4 e6 7. Nge2 Be7 8. 0-0 Nb6 9. Bb3 Nc6 10. d4 0-0 11. a3 Bf6 12. Be3 Na5 13. Ne4 Nxb3 14. Qxb3 Bd7 15. N2c3 Bc6 16. Rad1 Be7 17. Rd2 Nd5 18. Qd1 f5 19. Nc5 Nxc3 20. bxc3 Qd5 21. f3 f4 22. Bf2 Bxc5 23. dxc5 Qg5 24. Qe1 Rae8 25. Re2 e5 26. Bh4 Qh5 27. h3 Bb5 28. Bf2 Bxe2 29. Qxe2 e4 30. Qc4+ Qf7 31. Qxf7+ Rxf7 32. fxe4 Rxe4 33. Bd4 Re2 34. h4 h6 35. Rf2 Rxf2 36. Kxf2 g5 37. Kf3 Kh7 38. h5 Re7 39. a4 a6 40. a5 Kg8 41. g3 fxg3 42. Kxg3 Kf7 43. Kg4 Re2 44. Kf5 Ra2 45. c6 bxc6 0-1